101 juegos de dramatización para niños : (Record no. 154256)

MARC details
000 -CABECERA
campo de control de longitud fija 00714nam a2200205 u 4500
005 - FECHA Y HORA DE LA ÚLTIMA TRANSACCIÓN
campo de control 20240419063940.0
008 - ELEMENTOS DE LONGITUD FIJA--INFORMACIÓN GENERAL
campo de control de longitud fija 111011s2007 r 000 0 eng d
020 ## - NÚMERO INTERNACIONAL NORMALIZADO PARA LIBROS
Número Internacional Estándar del Libro 9788495973368
035 ## - NÚMERO DE CONTROL DEL SISTEMA
Número de control de sistema UPN01000182153
049 ## - COLECCIÓN
Colección I
050 #4 - SIGNATURA TOPOGRÁFICA DE LA BIBLIOTECA DEL CONGRESO
Número de clasificación GV1203
Número de documento/Ítem R6.2
100 1# - ASIENTO PRINCIPAL--NOMBRE PERSONAL
Nombre de persona Rooyackers, Paul
245 10 - MENCIÓN DE TÍTULO
Título 101 juegos de dramatización para niños :
Resto del título diversión y aprendizaje a través de la interpretación y la simulación /
Mención de responsabilidad, etc. Paul Rooyackers ; tr. Carlos Ossés.
260 ## - PUBLICACIÓN, DISTRIBUCIÓN, ETC.
Lugar de publicación, distribución, etc. Madrid :
Nombre del editor, distribuidor, etc. Neo Person,
Fecha de publicación, distribución, etc. 2007.
300 ## - DESCRIPCIÓN FÍSICA
Extensión 188 p. :
Otras características físicas il.
534 ## - NOTA SOBRE LA VERSIÓN ORIGINAL
Frase introductoria Traducción de:
Mención de título del original Hundered dramaspelen
650 #4 - ASIENTO SECUNDARIO DE MATERIA - TERMINO TEMATICO
Término de materia o nombre geográfico como elemento de entrada Juegos infantiles
9 (RLIN) 6445
650 #4 - ASIENTO SECUNDARIO DE MATERIA - TERMINO TEMATICO
Término de materia o nombre geográfico como elemento de entrada DRAMA -
Subdivisión general ESTUDIO Y ENSEÑANZA (PREESCOLAR)
9 (RLIN) 16518
905 ## - TIPO DE MATERIAL
Tipo de material Infantil
Holdings
Estado de retiro Estado de pérdida Fuente del sistema de clasificación o colocación Estado dañado No para préstamo Código de colección Localización permanente Ubicación/localización actual Ubicación en estantería Fecha de adquisición Total de préstamos Clasificación Código de barras Fecha visto por última vez Fecha del último préstamo Número de copia Tipo de ítem Koha
    Library of Congress Classification     Infantil Bib. Gregorio Torres Quintero Bib. Gregorio Torres Quintero Sala infantil Planta baja 21/02/2023 2 GV1203 R6.2 280244 28/02/2023 21/02/2023 1 Libro